logo

Bir Sreshtho Munshi Abdur Rouf Library
Jhenaidah Cadet College

জীবন-সমস্যার সমাধানে ইসলাম / (Record no. 2920)

MARC details
000 -LEADER
fixed length control field 00705nam a2200217 a 4500
001 - CONTROL NUMBER
JCCL Control Number 2920
003 - CONTROL NUMBER IDENTIFIER
JCCL marc code BD-JhCC
005 - DATE AND TIME OF LATEST TRANSACTION
control field 20171108124127.0
008 - FIXED-LENGTH DATA ELEMENTS--GENERAL INFORMATION
fixed length control field 171108s1977 bg |||| |||| 000 0 ben d
035 ## - SYSTEM CONTROL NUMBER
system control number (BD-JhCC) 2920
040 ## - CATALOGING SOURCE
Original cataloging agency BD-JhCC
Modifying agency BD-JhCC
041 ## - LANGUAGE CODE
Language code of Book ben
082 ## - DEWEY DECIMAL CLASSIFICATION NUMBER
Classification number 297
Author mark and Year AZR 1977
100 ## - MAIN ENTRY--PERSONAL NAME
Personal name আজরফ, মোহাম্মদ
245 ## - TITLE STATEMENT
Title জীবন-সমস্যার সমাধানে ইসলাম /
Statement of responsibility, etc মোহাম্মদ আজরফ
260 ## - PUBLICATION, DISTRIBUTION, ETC. (IMPRINT)
Place of publication, distribution, etc ঢাকা :
Name of publisher, distributor, etc ইসলামিক ফাউন্ডেশন,
Date of publication, distribution, etc ১৯৭৭.
300 ## - PHYSICAL DESCRIPTION
Pagination ১১৪ পৃ. :
Dimensions ২১ সেমি.
650 ## - SUBJECT ADDED ENTRY--TOPICAL TERM
Topical term or geographic name as entry element Islam for life
942 ## - ADDED ENTRY ELEMENTS (KOHA)
Source of classification or shelving scheme Dewey Decimal Classification
Koha item type Books
Holdings
Source of classification or shelving scheme Damaged status Not for loan Home library Current library Shelving location Date of accession Cost, normal purchase price Total Checkouts Full call number Barcode Date last seen Copy number Koha item type
Dewey Decimal Classification     JCC Rouf Library JCC Rouf Library General Stacks 11/08/2017 7.00   297 AZR 1977 4618 11/08/2017 C- 1 Books

JCC Library | Contacts | JCC Home

Last Update on 23 September 2017
Copyright @ 2017-2020 JCC Rouf Library
Rouf Library, Jhenidah Cadet College (JCC), Bangladesh